Star Trek: Deep Space Nine Characters Quiz Stats

 Plays Quiz Updated Feb 28, 2020

     
Support Sporcle.
Go Orange.
Score 0/42 Timer 10:00
0 Plays Today
Actor Character % Correct
Michael DornLt. Commander Worf
94.3%
Rene AuberjonoisConstable Odo
92.8%
Avery BrooksCaptain Benjamin Sisko
92.6%
Cirroc LoftonJake Sisko
92.1%
Armin ShimermanQuark
90.6%
Terry FarrellLt. Commander Jadzia Dax
89.8%
Colm MeaneyChief Miles O'Brien
89.8%
Nicole DeBoerLieutenant Ezri Dax
89.4%
Brock PetersJoseph Sisko
89.1%
Nana VisitorMajor Kira Nerys
87%
Alexander SiddigDoctor Julian Bashir
85.2%
Rosalind ChaoKeiko O'Brien
83%
Hana HataeMolly O'Brien
81.9%
Marc AlaimoGul Dukat
77.5%
Aron EisenbergNog
72.9%
Max GrodenchikRom
72%
Andrew J. RobinsonElim Garak
65.6%
Majel Barrett Lwaxana Troi
64.6%
Louise FletcherKai Winn Adami
58%
Jeffrey CombsWeyoun
53.6%
J.G. HertzlerGeneral Martok
52.4%
Actor Character % Correct
Wallace ShawnGrand Nagus Zek
49.9%
Casey Biggs Legate Damar
48.2%
Robert O'ReillyChancellor Gowron
47.5%
Jeffrey CombsLiquidator Brunt
45.7%
Chase MastersonLeeta
43.4%
Salome JensFemale Shapeshifter
42.8%
Mark Allen ShepherdMorn
41.7%
James DarrenVic Fontaine
41.1%
Penny JohnsonKasidy Yates
39.4%
Philip AnglimVedek Bareil Antos
34.9%
Melanie Smith (and Cyia Batten/Tracy Middendorf)Tora Ziyal
33.9%
Camille SaviolaKai Opaka Sulan
33.6%
Cecily Adams and Andrea MartinIshka
27.1%
Duncan RegehrFirst Minister Shakaar Edon
26.5%
Barry JennerAdmiral William Ross
26.5%
Paul DooleyEnabran Tain
26.4%
John ColicosKor
25.8%
Kenneth MarshallMichael Eddington
24.2%
William SadlerLuther Sloan
22%
Megan Cole and Adrienne BarbeauSenator Cretak
14.2%
Tiny RonMaihar'du
13.7%

From the Vault

Ending with 'A' Blitz II

by caramba

We've given you the final letter. You just need to figure out every other one.
Remove Ads.
Support Sporcle.
Get the best of Sporcle when you Go Orange. This ad-free experience offers more features, more stats, and more fun while also helping to support Sporcle. Thank you for becoming a member.

Show Comments

Extras

Top Quizzes Today


Score Distribution

Your Account Isn't Verified!

In order to create a playlist on Sporcle, you need to verify the email address you used during registration. Go to your Sporcle Settings to finish the process.

Report this User

Report this user for behavior that violates our Community Guidelines.

Details: